| 000 | 01200nam a2200265Mi 4500 | ||
|---|---|---|---|
| 001 | urbancowboynovel00lath | ||
| 003 | CaSfIA | ||
| 005 | 20210119105318.0 | ||
| 007 | cr|||| | ||
| 008 | 010531s1980 nyu 000 0 eng d | ||
| 040 |
_aDE-604 _erakwb _bger _cDEBBG _dCaSfIA |
||
| 020 | _a055313826X | ||
| 020 | _a9780553138269 | ||
| 035 | _a(OCoLC)635108543 | ||
| 100 | 1 | _aLatham, Aaron. | |
| 245 | 0 | 0 |
_aUrban cowboy : _h[electronic resource] _ba novel ; based on a screenplay by James Bridges and Aaron Latham / _cby Aaron Latham. |
| 260 |
_aNew York : _bBantam Books, _c1980. |
||
| 300 | _a294 S. | ||
| 029 | 0 |
_aDEBBG _bBV013752361 |
|
| 856 | 4 | 1 |
_uhttp://www.archive.org/details/urbancowboynovel00lath _zFree eBook from the Internet Archive |
| 856 | 4 | 2 |
_uhttp://www.openlibrary.org/books/OL24368451M _zAdditional information and access via Open Library |
| 942 | _cEB | ||
| 506 | _fНеобхідна авторизація на https://archive.org/ (створення облікового запису безкоштовно) | ||
| 506 | _fНеобхідна авторизація на https://openlibrary.org/ (створення облікового запису безкоштовно) | ||
| 999 |
_c561473 _d561473 |
||